000 00843nam a2200241Ia 4500
003 OSt
005 20220923224551.0
006 a|||||r|||| 00| 0
007 ta
008 220922b |||||||| |||| 00| 0 hin d
024 _a242,802
037 _cTextual
040 _aARTS
_cARTS
_bhin
041 _2hin
_ahin
082 _aP15,Cx1,1, 152K6
100 _aभट्टाचार्य, रामशंकर
245 0 _aपाणिनीय व्याकरण का अनुशीलन
246 _aPāṇinīya vyākaraṇ kā anushīlana
260 _aवाराणसी
_b इण्डोलाजिकल बुक हाउस
_c1966
300 _a436पृ.
_ccm.
942 _hP15,Cx1,1, 152K6
_cTEXL
_2CC
999 _c372263
_d372263